| 000 | 00478nam a2200133Ia 4500 | ||
|---|---|---|---|
| 008 | 170221s9999 xx 000 0 und d | ||
| 100 | _aDanbolt, Jo. | ||
| 245 | _aAbnormal Returns from Takeover Prediction Modelling: Challenges and Suggested Investment Strategies (pages 66–97) | ||
| 245 | _cJo Danbolt, Antonios Siganos and Abongeh Tunyi | ||
| 260 | _c2012 | ||
| 300 | _a32 : 3 | ||
| 650 | _xBusiness | ||
| 856 | _uhttp://onlinelibrary.wiley.com/doi/10.1111/jbfa.12179/epdf | ||
| 999 |
_c311190 _d311190 |
||